| 000 | 00700cab a2200265 4500 | ||
|---|---|---|---|
| 001 | ABS60573 | ||
| 008 | 090401t1999 xxu||||| |||| 00| 0 eng d | ||
| 035 | _a(Sirsi) u92810 | ||
| 041 | _aeng | ||
| 100 | _aMcDowall, E. | ||
| 245 | _aMaking a good business case - initiating a PFI project | ||
| 260 | _c1999 | ||
| 350 | _a0 | ||
| 490 |
_aFacilities Management _v6 (4) April 1999, 8-9(2) |
||
| 650 |
_aFACILITIES MANAGEMENT _96240 |
||
| 650 | _aFUNDING | ||
| 650 | _aMETHODOLOGIES | ||
| 650 | _aOUTLINE BUSINESS CASE | ||
| 650 | _aPFI | ||
| 650 | _aPRIVATE FINANCE INITIATIVE | ||
| 650 | _aProcurement-old | ||
| 690 |
_aProject management _96261 |
||
| 942 | _n0 | ||
| 948 | _c16/04/1999 | ||
| 999 |
_c58822 _d58822 |
||